Statistiques concernant Países que começam com as letras "N", "O" e "P"

Cliquez ici pour prendre le quiz!

Statistiques générales

  • Ce quiz a été pris 65 fois
    (61 depuis la dernière actualisation)
  • Le résultat moyen est 10 sur 18

Statistiques - réponses

Países% Correct
OMÃ
82%
PORTUGAL
79%
NÍGER
68%
NIGÉRIA
68%
NAMÍBIA
66%
POLÔNIA
66%
NICARÁGUA
63%
PAQUISTÃO
61%
NORUEGA
58%
NAURU
55%
PERU
53%
NEPAL
50%
PANAMÁ
50%
PALAU
45%
PAPUA NOVA GUINÉ
45%
PARAGUAI
45%
NOVA ZELÂNDIA
34%
PAÍS DE GALES
5%

Distribution des résultats

Percentile par nombre de réponses

% des personnes avec chaque résultat

Votre développement - résultats

Vous n’avez pas pris ce quiz depuis la dernière actualisation